Cartes des gares de Paris intramuros - Statistiques

Statistiques générales
  • Ce quiz a été pris 155 fois
  • Le résultat moyen est 25 sur 67
Réponses sur la Carte
Les réponses sont colorées sur une échelle allant du rouge au vert en fonction du pourcentage des utilisateurs qui les ont devinées à leur premier essai. Vous pouvez retrouver ces pourcentages ci-dessous.
 
Statistiques - réponses
Réponse % Correct
Gare du Nord
79%
Gare Montparnasse
79%
Gare de l'Est
77%
Gare Saint-Lazare
75%
Gare d'Austerlitz
74%
Gare de Lyon
74%
Gare de Bercy
72%
Châtelet - Les Halles
68%
Denfert-Rochereau
62%
Auber
60%
Cité Universitaire
60%
Saint-Michel - Notre Dame
60%
Charles de Gaulle - Étoile
58%
Luxembourg
58%
Port-Royal
58%
Nation
57%
Magenta
53%
Bibliothèque François Mitterrand
51%
Musée d'Orsay
51%
Champs de Mars - Tour Eiffel
49%
Haussmann - Saint-Lazare
47%
Invalides
47%
Rosa Parks
47%
Gare de la Bastille
43%
Javel
42%
Pont Cardinet
42%
Avenue Foch
40%
Champs de Mars
40%
Auteuil - Boulogne
38%
Avenue du Président Kennedy
38%
Pereire - Levallois
38%
Pont de l'Alma
38%
Pont du Garigliano
38%
Boulainvilliers
34%
Neuilly - Porte Maillot
34%
Avenue Henri Martin
32%
Gare Vaugirard
32%
Porte de Clichy
32%
Maison-Blanche
30%
Passy - La Muette
30%
Bercy - Ceinture
28%
Vaugirard - Issy
28%
Parc de Montsouris
26%
Belleville - Villette
25%
Montrouge
25%
Avenue de la Bourdonnais
23%
Avenue de Saint-Ouen
23%
Courcelles - Ceinture
23%
La Chapelle - Saint-Denis
23%
Ménilmontant
23%
Tolbiac
23%
Masséna
21%
Est Ceinture
19%
La Rapée - Bercy
19%
Ouest Ceinture
19%
Reuilly
19%
Boulevard Ornano
17%
Point-du-Jour
17%
Pont de Flandre
17%
Grenelle
15%
Pont Marcadet
15%
Pont de Grenelle
13%
Avenue de Vincennes
11%
Rue d'Avron
11%
Charonne
9%
Rue Claude Decaen
9%
Bel-Air
6%
Aucun quiz correspondant
Distribution des résultats
% des personnes avec chaque résultat
Percentile par nombre de réponses
Votre historique - résultats
Vous n’avez pas pris ce quiz